000 00559nam a2200193Ia 4500
003 OSt
005 20250711113301.0
008 210210b1984 xxu||||| |||| 00| 0 eng d
040 _cAL
082 _a621.381 TOWT
100 _aTowers T D
_9161908
245 _aTowers international transistor selector
260 _aLondon
_bBusiness promotion bureau
_c1984
300 _avii,246
520 _aspecification data for the identification selection and substitution of digital ICs.
690 _aElectronics
_9161909
906 _aSG02252
942 _2ddc
_cBK
999 _c113302
_d113302